000 00654nam a22002297a 4500
001 00028746
005 20260413091710.0
008 260413b ag ||||| |||| 00| 0 spa d
020 _a9506140723
040 _aAR-CcCEOS
_bspa
_cAR-CcCEOS
041 _aspa
080 _a338.9
090 _bMIS
100 _aE. J. Mishan
_91045
245 _aLos costes del desarrollo económico /
_cE. J. Mishan
264 _aArgentina :
_bOrbis,
_c1983.
300 _a250 p. ;
_c24x15 cm.
490 _vBiblioteca de economía ; 6
655 0 _aeconomía
_vmacroeconomía
_9347
942 _2udc
_cBK
_n0
999 _c28781
_d28781